What girl names were in the top 100 in both 1880 and 2013? - Statistics

General Stats
  • This quiz has been taken 3,189 times
  • The average score is 8 of 20
Answer Stats
Rankings (1880 then 2013) Answer (Name) % Correct
4 then 10 Elizabeth
84%
3 then 2 Emma
74%
2 then 35 Anna
71%
100 then 7 Emily
70%
10 then 48 Sarah
65%
53 then 77 Katherine
58%
91 then 11 Charlotte
53%
97 then 23 Hannah
51%
19 then 22 Grace
47%
13 then 15 Ella
42%
96 then 17 Amelia
38%
26 then 75 Julia
37%
44 then 66 Lucy
33%
41 then 88 Eva
32%
75 then 63 Caroline
29%
32 then 26 Lillian
26%
56 then 83 Nora
12%
77 then 96 Lydia
10%
60 then 70 Stella
7%
74 then 50 Sadie
4%
No matching quizzes found
Score Distribution
Percent of People with Each Score
Percentile by Number Answered
Your Score History
You have not taken this quiz